000 01372nam a2200433 c 4500
001 53744
003 ES-MaCES
005 20250612142411.0
008 250609s2024 sp || | 000 ||spa d
017 _aCO 1756-2024
_bDL
020 _a9788410525016
040 _aES-MaCES
_bspa
_cES-MaCES
100 1 _941385
_aMesa, Beatriz
245 1 3 _aEl fracaso de Occidente en África
_b: la nueva amenaza que no queremos ver
_cBeatriz Mesa
250 _a1ª ed
260 _aCórdoba
_bAlmuzara
_c2024
300 _a207 p
_c24 cm
490 1 _aSociedad actual
504 _aBibliografía y arts. electrónicos: p. 203-207
541 _cCompra
650 4 _aAfrica
_926791
650 4 _arelaciones internacionales
_926675
650 4 _aEuropa
_926940
650 4 _aUE
_926752
650 4 _aEstados Unidos
_928373
650 4 _anuevo orden económico internacional
_929223
650 4 _aglobalización económica
_930653
650 4 _aconflicto armado
_930364
650 4 _apolítica exterior
_926687
650 4 _apolítica de defensa
_926692
650 4 _aRusia, Federación (1991- )
_930484
650 4 _aChina
_926909
650 4 _ageografía económica
_928772
650 4 _ageografía política
_928776
653 1 0 _aCiencias Sociales-Políticas
830 0 _941387
_aSociedad actual (Almuzara)
902 _aLIB Libro
942 _2CES
_cBK
_h7.0.
999 _c53744
_d53744